000 00863nam a2200253Ia 4500
003 OSt
005 20220923220814.0
006 a|||||r|||| 00| 0
007 ta
008 220922b |||||||| |||| 00| 0 hin d
024 _a190,636
037 _cTextual
040 _aARTS
_cARTS
_bhin
041 _2hin
_ahin
082 _aR6, 152L4
100 _aसक्सेना, लक्ष्मी, संपा.
245 0 _aसमकालीन भारतीय दर्शन
246 _aSamakālīn bhāratīya darshana
260 _aलखनऊ
_b उत्तर प्रदेश ग्रंथ अकादमी
_c1974
300 _a404पृ.
_ccm.
650 _aभारतीय दर्शन
942 _hR6, 152L4
_cTEXL
_2CC
999 _c343411
_d343411